01442cam a22003854a 450000100090000000300040000900500170001300800410003001000170007102000380008802000270012603500130015304000310016604200080019704300300020505000220023510000270025724501040028425000120038826000510040026400090045130000660046033600320052633700340055833800330059244000490062550001450067450400680081965000170088765000260090465000350093065000440096570000180100970000290102712130522OSt20260429085706.0000803s2001 ctuab b 001 0 eng  a 00043769  a9780300088694qcloth : alk. paper a0300088698qalk. paper a12130522 aDLCcFoundation University apcc aaw-----af------aa------00aN 6260b.E79 20011 aEttinghausen, Richard.10aIslamic art and architecture 650-1250 /cRichard Ettinghausen, Oleg Grabar, Marilyn Jenkins-Madina. a2nd ed. aNew Haven, CT :bYale University Press,c2001. 42001 axiii, 344 p. ::bill. (some col.), map ;c30 cm.3booksfbook atextbtxt2rdacontent3book aunmediatedbn2rdamedia3book avolumebnc2rdacarrier3book 0aYale University Press Pelican history of art a"Some sections of this book were previously published in The art and architecture of Islam 650-1250 by Penguin Books Ltd, 1987"--T.p. verso. aIncludes bibliographical references (p. [329]-335) and indexes. 0aIslamic art. 0aIslamic architecture. 0aArt, MedievalzIslamic Empire. 0aArchitecture, MedievalzIslamic Empire.1 aGrabar, Oleg.1 aJenkins, Marilyn,d1940-